000 00928nam a22003017a 4500
003 CHAP
005 20220920173501.0
008 971013s1936 r 00010 d
010 _a13444
011 _a14416
035 _a18489
040 _cCHAP
090 _aFolleto 5377
100 0 0 _aGómez S., Fernando.
_949888
245 _aApuntes sobre silos de concreto
260 _aCd. Juárez, Chi. :
_bEscuela Particular de Agricultura,
_c1936
300 _a8 p.
490 _aEscuela Particular de Agricultura. Boletín, 2a. ser., No. 25
590 _aBATCH-UPD
_b10
_c20130110
590 _aBATCH-UPD
_b10
_c20130410
590 _aBATCH-UPD
_b10
_c20130914
590 _aCONVERSION
_b10
_c20130109
650 1 4 _aSilos.
_9105965
830 0 _aEscuela Particular de Agricultura. Boletín, 2a. ser., No. 25
_937610
901 _aBK
942 _cFOLL
_2local
949 _aFolleto 5377
_bBC
_cFOLL
_d-43157
_eBPP
_i18489
_mD
_si
999 _c13444
_d13444